000 00742cam a2200241 a 4500
001 12554469
005 20180115075608.0
008 011003s2003 njua b 001 0 eng
010 _a 2001054352
020 _a0130985902
040 _aDLC
_cDLC
_dDLC
041 _aeng
080 _a372.6 TOM
082 0 0 _a372.6 TOM
_221
100 1 _a46
101 _aEDU
245 1 0 _aLiteracy for the 21st century /
_cGail E. Tompkins.
246 3 _aLiteracy for the twenty-first century
504 _aIncludes bibliographical references and indexes.
906 _a7
_bcbc
_corignew
_d1
_eocip
_f20
_gy-gencatlg
942 _2ddc
_cBK
999 _c40295
_d40295